Doing social research
| Main Author: | |
|---|---|
| Format: | Book |
| Published: |
New York :
McGraw-Hill ,
1994
|
| Edition: | 2nd ed |
| Subjects: |
MARC
| LEADER | 00000cam a2200000 7i4500 | ||
|---|---|---|---|
| 001 | 0000003192 | ||
| 002 | 000003448 | ||
| 005 | 20000330.0 | ||
| 020 | |a 0071132244 | ||
| 090 | 0 | 0 | |a 300.72 |b BAK |
| 100 | 1 | |a Baker, Therese L | |
| 245 | 1 | 0 | |a Doing social research |c Therese L.Baker |
| 250 | |a 2nd ed | ||
| 260 | |a New York : |b McGraw-Hill , |c 1994 | ||
| 300 | |a 499p. ; |c 22cm. | ||
| 650 | 0 | 0 | |a Social sciences |x Research |
| 999 | |a 036790 |b BUKU |c PINJAMAN |e PERPUSTAKAAN KOMUNITI PETALING JAYA | ||